000 00396nam a2200133Ia 4500
008 100328s9999 xx 000 0 und d
082 _b22771
100 _aपांढरीपांडे विजय मनोहर
245 _aपत्रांजली
260 _bमेनका
630 _aपत्रांजली
730 _aपत्रांजली
942 _cBOOK
999 _c516604
_d516601